000
00333nam a2200121 a 4500
005
20140414131929.0
008
101108s19uu xx 00 eng d
050
_a
M 598
_b
B53 2006
245
_a
Birds :
_b
With Winnie the Pooh and his friends.
260
_b
Disney,
_c
2006.
440
_a
My very first look at animals
999
_c
112173
_d
112173